[Event "Tournoi francophone 020D"]
[Site "Skype"]
[Date "????.??.??"]
[Round "8.1"]
[White "Malbec, Robert"]
[Black "Le Bouill, Pierre"]
[Result "0-1"]
[WhiteElo "1174"]
[BlackElo "1223"]
[PlyCount "80"]

1. e4 e5 2. Nf3 d6 3. d4 Bg4 4. Be2 Bxf3 5. Bxf3 Be7 6. c3 c6 7. Nd2 Nf6 8. O-O
O-O 9. Re1 h6 10. Nc4 Nbd7 11. Qb3 Rb8 12. Ne3 Nh7 13. Nf5 Ng5 14. Bg4 Nf6 15.
f3 Ngxe4 16. fxe4 Nxg4 17. Qd1 h5 18. h3 Nf6 19. Qf3 Kh7 20. Qg3 Rg8 21. Qf3
Bf8 22. Bg5 g6 23. Bxf6 Qxf6 24. Nh4 Qxh4 25. Qxf7+ Rg7 26. Qe6 Be7 27. Rf1 Rf8
28. Rxf8 Bxf8 29. Rf1 Qe7 30. Qc4 exd4 31. Qxd4 Rf7 32. Rxf7+ Qxf7 33. Qxa7 Bg7
34. Qa4 Qc7 35. Qc4 b5 36. Qd3 Be5 37. Kh1 Qf7 38. b3 Qf4 39. g3 Qf2 40. g4
Qh2# 0-1

[Event "Tournoi francophone 020D"]
[Site "Skype"]
[Date "????.??.??"]
[Round "8.3"]
[White "Busto, Ricardo"]
[Black "Vincent, Andre"]
[Result "1-0"]
[WhiteElo "1302"]
[BlackElo "1332"]
[PlyCount "89"]

1. Nf3 d5 2. d4 Nf6 3. Bf4 Bf5 4. e3 Nbd7 5. Nbd2 h6 6. h3 c5 7. c4 e6 8. Be2
Be7 9. O-O O-O 10. Nb3 b6 11. Nbd2 Re8 12. Rc1 Rc8 13. cxd5 exd5 14. Re1 Ne4
15. Nxe4 Bxe4 16. Nd2 Bg6 17. Bf3 Nf6 18. a3 cxd4 19. exd4 Rxc1 20. Qxc1 Qc8
21. Qxc8 Rxc8 22. Rxe7 Rc1+ 23. Kh2 Rc2 24. Rxa7 Rxb2 25. a4 h5 26. Re7 Ra2 27.
Bd1 Bc2 28. Bxc2 Rxc2 29. Rb7 Ra2 30. Rxb6 Rxa4 31. Nf3 g6 32. Rb8+ Kg7 33. Be5
Ra6 34. Rd8 Ra2 35. Rd6 Rxf2 36. Bxf6+ Kh6 37. Rxd5 Kh7 38. Ng5+ Kh6 39. Nxf7+
Kh7 40. Rd7 Rxf6 41. Ng5+ Kh6 42. h4 Rf7 43. Nxf7+ Kg7 44. Ng5+ Kf6 45. Rf7#
1-0

[Event "Tournoi francophone 020D"]
[Site "Skype"]
[Date "????.??.??"]
[Round "8.4"]
[White "Ruiz Aguilera, Juan Jesus"]
[Black "Briere, Jean"]
[Result "0-1"]
[WhiteElo "1116"]
[BlackElo "1272"]
[PlyCount "105"]

1. e4 e5 2. Nf3 Nc6 3. d4 exd4 4. Nxd4 Bc5 5. Nb3 Bb6 6. Nc3 Nf6 7. Bg5 h6 8.
Be3 Bxe3 9. fxe3 d6 10. Bc4 O-O 11. Nd4 Ne5 12. b3 Nxc4 13. bxc4 c6 14. O-O Re8
15. Rb1 Nxe4 16. Qd3 Nxc3 17. Qxc3 Qe7 18. Nf5 Bxf5 19. Rxf5 Qxe3+ 20. Qxe3
Rxe3 21. Rxb7 f6 22. Rd7 Re6 23. Rf3 Rae8 24. Rxa7 Re1+ 25. Rf1 R1e4 26. Rd7
R8e6 27. Rb1 Re1+ 28. Rxe1 Rxe1+ 29. Kf2 Rc1 30. Rxd6 Rxc2+ 31. Ke3 Rxc4 32.
Kd3 Rc1 33. a4 Ra1 34. Rxc6 Rxa4 35. Rc2 Kf7 36. Ke3 Kg6 37. Kf3 f5 38. Rc6+
Kg5 39. g3 Ra3+ 40. Kg2 Ra2+ 41. Kf3 Rxh2 42. Rc4 h5 43. Rc5 Rb2 44. Re5 Rb3+
45. Kg2 Kg4 46. Re6 Rxg3+ 47. Kh2 g5 48. Ra6 Rf3 49. Ra4+ Rf4 50. Ra3 h4 51.
Rh3 Rf2+ 52. Kg1 Kxh3 53. Kxf2 0-1

[Event "Tournoi francophone 020D"]
[Site "Skype"]
[Date "????.??.??"]
[Round "8.5"]
[White "Moumtaz, Abderrahim"]
[Black "Cengiz, Ali Ekber"]
[Result "1/2-1/2"]
[WhiteElo "1250"]
[BlackElo "1231"]
[PlyCount "52"]

1. d4 d5 2. c4 e6 3. Nf3 Nf6 4. Nc3 c6 5. cxd5 exd5 6. e3 Bb4 7. Bd3 O-O 8. O-O
Nbd7 9. Bd2 Bd6 10. Qc2 Re8 11. Rfe1 Nf8 12. e4 Bg4 13. e5 Bxf3 14. gxf3 Bc7
15. exf6 Qxf6 16. Rxe8 Rxe8 17. Qd1 Ne6 18. Ne2 Qxf3 19. Be3 Qf6 20. Kh1 g6 21.
Qg1 Bf4 22. Bxf4 Nxf4 23. Nxf4 Qxf4 24. Qd1 Qxd4 25. Qd2 Qf6 26. Rd1 Qf3+
1/2-1/2

[Event "Tournoi francophone 020D"]
[Site "Skype"]
[Date "????.??.??"]
[Round "9.1"]
[White "Cengiz, Ali Ekber"]
[Black "Malbec, Robert"]
[Result "1/2-1/2"]
[WhiteElo "1231"]
[BlackElo "1174"]
[PlyCount "72"]

1. e4 e5 2. Nf3 Nc6 3. Bc4 Bc5 4. Nc3 Nf6 5. h3 Bb4 6. Nd5 d6 7. Nxb4 Nxb4 8.
d3 Nc6 9. c3 O-O 10. O-O a6 11. Bb3 b5 12. a3 Re8 13. Bg5 h6 14. Be3 Be6 15.
Bc2 d5 16. b4 d4 17. cxd4 exd4 18. Bf4 Qd7 19. Nh2 Rf8 20. Qf3 Ne7 21. a4 Ng6
22. Bg3 c6 23. h4 Nh7 24. axb5 cxb5 25. Qe2 Qe7 26. f4 Nxh4 27. f5 Bd7 28. Qf2
Qg5 29. Bxh4 Qe3 30. Ng4 Qxf2+ 31. Rxf2 h5 32. Ne5 Be8 33. Be7 f6 34. Bxf6 Nxf6
35. Bb3+ Kh7 36. Nf3 Ng4 1/2-1/2

[Event "Tournoi francophone 020D"]
[Site "Skype"]
[Date "????.??.??"]
[Round "9.2"]
[White "Briere, Jean"]
[Black "Moumtaz, Abderrahim"]
[Result "0-1"]
[WhiteElo "1272"]
[BlackElo "1250"]
[PlyCount "50"]

1. e4 e5 2. Nf3 Nc6 3. Bc4 Bc5 4. d3 Nf6 5. Be3 Qe7 6. Bxc5 Qxc5 7. Nc3 Qe7 8.
O-O O-O 9. Nd5 Nxd5 10. Bxd5 d6 11. a3 Be6 12. Bxe6 Qxe6 13. h3 Ne7 14. c4 c6
15. Re1 Ng6 16. d4 Qxc4 17. dxe5 dxe5 18. Rc1 Qe6 19. Qd2 Rfe8 20. Re3 Rad8 21.
Rd3 Rxd3 22. Qxd3 a6 23. Rd1 Nf4 24. Qd2 Qg6 25. Kf1 Qxg2+ 0-1

[Event "Tournoi francophone 020D"]
[Site "Skype"]
[Date "????.??.??"]
[Round "9.3"]
[White "Vincent, Andre"]
[Black "Ruiz Aguilera, Juan Jesus"]
[Result "1/2-1/2"]
[WhiteElo "1332"]
[BlackElo "1116"]
[PlyCount "53"]

1. d4 Nf6 2. g3 Nc6 3. Nf3 d6 4. Bg2 Bg4 5. Nbd2 e5 6. dxe5 dxe5 7. O-O Bb4 8.
c3 Bd6 9. e4 O-O 10. h3 Bh5 11. b3 Qe7 12. Nc4 Bc5 13. Qc2 b5 14. Ne3 Bxf3 15.
Bxf3 Qe6 16. Kg2 Rfd8 17. Rd1 Rxd1 18. Nxd1 Rd8 19. Be3 Qe7 20. b4 Bxe3 21.
Nxe3 a5 22. a3 a4 23. Rd1 h6 24. Be2 Na7 25. Rxd8+ Qxd8 26. Qd1 Qxd1 27. Bxd1
1/2-1/2